00946nam a2200253 a 450000100060000000300080000600500170001400800410003103500190007204000350009104100080012608200240013410000250015824501240018326000470030730000330035450000200038750400330040765000270044070000320046794200120049999900170051195201640052857592BD-RjUL20211209080531.0161210s1986 ii a b 00110 eng d a(BD-RjUL)57716 aBD-RjULbengcBD-RjULdBD-RjUL aeng 223a304.2bMAA 19861 aMalik, S. L.917100310aAspects of human ecology :ba dynamic inter-relationship between man and environment /cS.L. Malik & D.K. Bhattacharya. aNew Delhi :bNorthern Book Centre,cc1986. avi, 112 p. :bill. ;c23 cm. aIncludes index. aBibliography : p. [105]-110. 0aHuman ecology.91702701 aBhattacharya, D. K.9171004 2ddccBK c57592d57592 00102ddc40718NFICaRUCLbRUCLcReadingd1992-05-12eDhaka, Ahsonia mission Book House,g120.00l0o304.2 MAA 1986r2016-12-10 00:00:00tC-1w2016-12-10yBK